Panorama de la lingüística moderna: de la Universidad de Cambridge

Αποθηκεύτηκε σε:
Λεπτομέρειες βιβλιογραφικής εγγραφής
Μορφή: Βιβλίο
Γλώσσα:Ισπανικά
Έκδοση: Madrid Visor 1990
Σειρά:Linguistica y Conocimiento, 7-10-16-17
Θέματα:
Ετικέτες: Προσθήκη ετικέτας
Δεν υπάρχουν, Καταχωρήστε ετικέτα πρώτοι!

MARC

LEADER 00000nam a2200000 a 4500
001 UCX9261
003 CL-VaPUC
008 940524e19900000SP |||||||||||||||||spa|d
082 0 4 |a 410  |b PAN  |2 21 
245 1 0 |a Panorama de la lingüística moderna: de la Universidad de Cambridge 
300 |a 4 v 
942 |c BK 
945 |d 19940524 00:00:00  |a oaravena 
260 |a Madrid  |b Visor  |c 1990 
500 |a v.1: Teoría linguistica: fundamentos 
500 |a v.2: Teoría linguistica: extensiones e implicaciones 
500 |a v.3: El lenguaje: aspectos psicologicos y biológicos 
500 |a v.4: El lenguaje: contexto socio cultural 
650 0 |a Lingüística  |9 265068 
650 0 |a Sociolingüística  |9 263716 
650 7 |a LENGUAJE ASPECTOS SOCIALES  |2 CL-VaPUC  |9 326634 
650 0 |a Lenguaje y cultura  |9 311851 
583 |a last modification  |c 19940524 00:00:00  |k Rodrigo Vera 
490 0 |a Linguistica y Conocimiento, 7-10-16-17 
999 |c 228550  |d 228548 
952 |0 0  |1 0  |4 0  |6 410_000000000000000_PAN_1990  |7 0  |8 A  |9 228739  |a FDOPOS  |b FDOPOS  |d 2019-11-15  |h v.1  |i 298041K  |o 410 PAN 1990  |p 298041K  |r 2025-01-22  |w 2019-11-15  |y BK  |k MLA 
952 |0 0  |1 0  |4 0  |6 410_000000000000000_PAN_1990  |7 0  |8 A  |9 228740  |a FDOPOS  |b FDOPOS  |d 2019-11-15  |h v.2  |i 2980398  |o 410 PAN 1990  |p 2980398  |r 2025-01-22  |w 2019-11-15  |y BK  |k MLA 
952 |0 0  |1 0  |4 0  |6 410_000000000000000_PAN_1990  |7 0  |8 A  |9 228741  |a FDOPOS  |b FDOPOS  |d 2019-11-15  |h v.3  |i 2980401  |o 410 PAN 1990  |p 2980401  |r 2025-01-22  |w 2019-11-15  |y BK  |k MLA 
952 |0 0  |1 0  |4 0  |6 410_000000000000000_PAN_1990  |7 0  |8 A  |9 228742  |a FDOPOS  |b FDOPOS  |d 2019-11-15  |h v.4  |i 2980428  |o 410 PAN 1990  |p 2980428  |r 2025-01-22  |w 2019-11-15  |y BK  |k MLA